| 000 | 01803nam0a2200409 4500 | ||
|---|---|---|---|
| 001 | RU\NLR\bibl\1774127 | ||
| 005 | 20250616132613.0 | ||
| 010 |
_a978-5-93297-126-0 _91100 |
||
| 021 |
_aRU _b2011-34034 _92426 |
||
| 035 | _a(nilc)RSL-KNO-004940823 | ||
| 035 | _a(NLR Aleph) 001764900 | ||
| 090 |
_a1601471 _c1601471 |
||
| 100 | _a20110516d2011 |||y0rusy50 ca | ||
| 101 | 0 | _arus | |
| 102 | _aRU | ||
| 105 | _ay ||||||||| | ||
| 200 | 1 |
_aАдминистративная ответственность военнослужащих и граждан, призванных на военные сборы: комментарии и судебная практика _fК. В. Фатеев, С. С. Харитонов, С. В. Шанхаев |
|
| 210 |
_aМосква _cЗа права военнослужащих _d2011 |
||
| 215 |
_a332 с. _d22 |
||
| 225 | 1 |
_aПраво в Вооруженных Силах - консультант _vВып. 122 |
|
| 300 | _aНа пер. авт. не указаны | ||
| 606 | 1 |
_aВоеннослужащие _xАдминистративная ответственность _yРоссийская Федерация _92037928 _3RU\NLR\auth\661223400 |
|
| 686 |
_aХ621.161,0 _2rubbk |
||
| 686 |
_aЦ4,6(2Рос)272б49я45 _2rubbk |
||
| 686 | _aХ621.033.2 | ||
| 686 | _aЦ4,6(2)272 | ||
| 700 | 1 |
_aФатеев _bК. В. _gКонстантин Валерьевич _4070 |
|
| 701 | 1 |
_aХаритонов _bС. С. _gСтанислав Станиславович _4070 |
|
| 701 | 1 |
_aШанхаев _bС. В. _gСергей Вячеславович _4070 |
|
| 801 | 0 |
_aRU _bRuMoRKP _c20110516 _grcr |
|
| 801 | 1 |
_aRU _bРГБ _c20110516 |
|
| 801 | 2 |
_aRU _bNLR _c20110530 _grcr |
|
| 830 | _aпо кн | ||
| 942 | _cBOOK | ||
| 980 | _aNB | ||
| 980 | _aNBR | ||